Αρχάνες : μια νέα ματιά στην Μινωϊκή Κρήτη
Αποθηκεύτηκε σε:
| Κύριος συγγραφέας: | |
|---|---|
| Άλλοι συγγραφείς: | |
| Μορφή: | Βιβλίο |
| Γλώσσα: | Greek |
| Δημοσίευση: |
Αθήνα :
Άμμος,
1997.
|
| Θέματα: | |
| Ετικέτες: |
Προσθήκη ετικέτας
Δεν υπάρχουν, Καταχωρήστε ετικέτα πρώτοι!
|
MARC
| LEADER | 00000cam a2200000 a 4500 | ||
|---|---|---|---|
| 001 | 1/114914 | ||
| 008 | 170914s1997####gr aa |||||||||| ||gre|| | ||
| 040 | |a GR-MyUa |b gre |c GR-MyUa |e AACR2 | ||
| 041 | 0 | |a gre | |
| 082 | 7 | |a 938.113 |2 (23) | |
| 100 | 1 | |a Σακελλαράκης, Γιάννης Α., |d 1936-2010. | |
| 245 | 1 | 0 | |a Αρχάνες : |b μια νέα ματιά στην Μινωϊκή Κρήτη / |c Γιάννης και Έφη Σακελλαράκη. |
| 260 | |a Αθήνα : |b Άμμος, |c 1997. | ||
| 500 | |a Μικρός οδηγός έκθεσης | ||
| 650 | 0 | |a Minoans |z Greece |z Crete. | |
| 650 | 0 | |a Excavations (Archaeology) |z Greece |z Crete. | |
| 651 | 0 | |a Crete (Greece) |x Antiquities. | |
| 651 | 0 | |a Archanes (Greece) |x History. | |
| 700 | 1 | |a Σακελλαράκη, Έφη. | |
| 852 | |a INST |b LESVOS |e 20170914 |h 938.113 ΣΑΚ |p 005100059648 |q 005100059648 |t BK |y 0 | ||
| 970 | |a Καμάτσου |b Δέσποινα |z 14-09-2017 | ||